000 00388nam a2200133Ia 4500
008 151001s9999||||xx |||||||||||||| ||und||
100 _aमान चंद खंडेला
245 _aअमेरिकी आतंक और विश्व समुदाय
250 _a1
260 _bअविष्कार
260 _c2004
300 _a184
365 _b21
999 _c983345
_d983342